| 000 | 01310nam a2200325 a 4500 | ||
|---|---|---|---|
| 001 | ebr10714618 | ||
| 003 | CaPaEBR | ||
| 006 | m o u | ||
| 007 | cr cn||||||||| | ||
| 008 | 130603s2013 enka s 000 0 eng d | ||
| 020 | _z9781849689168 | ||
| 020 | _z9781849689175 (e-book) | ||
| 040 |
_aCaPaEBR _cCaPaEBR |
||
| 035 | _a(OCoLC)849919042 | ||
| 050 | 1 | 4 |
_aQA76.9.V5 _bG43 2013eb |
| 100 | 1 | _aGeddam, Ramesh. | |
| 245 | 1 | 0 |
_aInstant VMware view virtualization how-to _h[electronic resource] : _ba practical guide to getting started with virtualization using VMware view / _cRamesh Geddam, Prasenjit Sarkar. |
| 246 | 1 | 4 | _aVMware view virtualization how-to |
| 260 |
_aBirmingham : _bPackt Pub., _c2013. |
||
| 300 |
_a61 p. : _bill. (some col.) |
||
| 500 | _a"Instant, short, fast, focused"--Cover. | ||
| 533 |
_aElectronic reproduction. _bPalo Alto, Calif. : _cebrary, _d2013. _nAvailable via World Wide Web. _nAccess may be limited to ebrary affiliated libraries. |
||
| 630 | 0 | 0 | _aVMware. |
| 630 | 0 | 0 | _aVMware vSphere. |
| 650 | 0 | _aVirtual computer systems. | |
| 655 | 7 |
_aElectronic books. _2local |
|
| 700 | 1 | _aSarkar, Prasenjit. | |
| 710 | 2 | _aebrary, Inc. | |
| 856 | 4 | 0 |
_uhttp://site.ebrary.com/lib/rucke/Doc?id=10714618 _zAn electronic book accessible through the World Wide Web; click to view |
| 999 |
_c1620 _d1620 |
||